US state capitals by distance to DC - Statistics

General Stats
  • This quiz has been taken 14 times
  • The average score is 2 of 50
Answer Stats
Hint Answer % Correct
29.6 mi Annapolis
100%
82.7 mi Dover
33%
97.1 mi Richmond
33%
94.3 mi Harrisburg
22%
310 mi Albany
11%
428 mi Frankfort
11%
568 mi Nashville
11%
151 mi Trenton
11%
543 mi Atlanta
0%
529 mi Augusta
0%
1319 mi Austin
0%
993 mi Baton Rouge
0%
1317 mi Bismarck
0%
2046 mi Boise
0%
394 mi Boston
0%
2277 mi Carson City
0%
252 mi Charleston
0%
1476 mi Cheyenne
0%
405 mi Columbia
0%
327 mi Columbus
0%
413 mi Concord
0%
1493 mi Denver
0%
895 mi Des Moines
0%
303 mi Hartford
0%
1841 mi Helena
0%
4837 mi Honolulu
0%
493 mi Indianapolis
0%
868 mi Jackson
0%
817 mi Jefferson City
0%
2839 mi Juneau
0%
474 mi Lansing
0%
1052 mi Lincoln
0%
892 mi Little Rock
0%
707 mi Madison
0%
688 mi Montgomery
0%
435 mi Montpelier
0%
1153 mi Oklahoma City
0%
2356 mi Olympia
0%
1982 mi Phoenix
0%
1260 mi Pierre
0%
358 mi Providence
0%
233 mi Raleigh
0%
2378 mi Sacramento
0%
2375 mi Salem
0%
1848 mi Salt Lake City
0%
1601 mi Santa Fe
0%
678 mi Springfield
0%
925 mi St Paul
0%
715 mi Tallahassee
0%
1002 mi Topeka
0%
No matching quizzes found
Score Distribution
Percent of People with Each Score
Percentile by Number Answered
Your Score History
You have not taken this quiz